[Event "Recco op-B 4th"]
[Site "Recco"]
[Date "2010.11.27"]
[Round "2"]
[White "Penna, Tommaso"]
[Black "Porzio, Massimo"]
[Result "1-0"]
[WhiteElo "1733"]
[BlackElo "1838"]
[PlyCount "43"]
[EventDate "2010.11.26"]
[EventType "swiss"]
[EventRounds "5"]
[EventCountry "ITA"]
[SourceTitle "EXT 2023"]
[Source "ChessBase"]
[SourceDate "2022.10.05"]
[SourceVersion "1"]
[SourceVersionDate "2022.10.05"]
[SourceQuality "1"]

1. d4 Nf6 2. c4 e5 3. dxe5 Ng4 4. Bf4 Nc6 5. Nf3 Bb4+ 6. Nbd2 Qe7 7. e3 Ngxe5 8. Nxe5 Nxe5 9. Be2 0-0 10. a3 Bxd2+ 11. Qxd2 d6 12. 0-0 b6 13. b4 Bb7 14. Qc3 f6 15. Rfd1 Rad8 16. Rac1 Nd7 17. Qb3 Kh8 18. c5 dxc5 19. Bxc7 Rc8 20. Bd6 Qf7 21. Qxf7 Rxf7 22. Bc4 1-0

[Event "Asti Alfieri Memorial 5th"]
[Site "Asti"]
[Date "2010.04.17"]
[Round "4"]
[White "Finocchiaro, Gianluca"]
[Black "Porzio, Massimo"]
[Result "0-1"]
[WhiteElo "2097"]
[BlackElo "1847"]
[PlyCount "112"]
[EventDate "2010.04.16"]
[EventType "swiss"]
[EventRounds "5"]
[EventCountry "ITA"]
[SourceTitle "EXT 2024"]
[Source "ChessBase"]
[SourceDate "2023.10.10"]
[SourceVersion "1"]
[SourceVersionDate "2023.10.10"]
[SourceQuality "1"]

1. e4 c5 2. c3 d5 3. exd5 Qxd5 4. d4 Nf6 5. Nf3 cxd4 6. cxd4 Qa5+ 7. Nc3 Ne4 8. Qd3 Bf5 9. Qb5+ Qxb5 10. Bxb5+ Nd7 11. Nxe4 Bxe4 12. Ne5 Bf5 13. g4 a6 14. Ba4 f6 15. gxf5 fxe5 16. Bxd7+ Kxd7 17. dxe5 g6 18. fxg6 hxg6 19. Be3 e6 20. Ke2 Rc8 21. Rad1+ Ke8 22. Rc1 Rd8 23. Rhg1 Rg8 24. Rc7 Rd7 25. Rxd7 Kxd7 26. Rd1+ Kc7 27. Rc1+ Kd7 28. Bb6 Rg7 29. f4 Rf7 30. Rc7+ Ke8 31. Kf3 Rxc7 32. Bxc7 Kd7 33. Ba5 Bc5 34. Kg4 Ke8 35. Kf3 Kd7 36. h3 b5 37. Bd2 Be7 38. Ke4 Kc6 39. Kf3 Kd5 40. Kg4 Ke4 41. a3 Bd8 42. Bb4 a5 43. Bf8 a4 44. Bg7 Be7 45. Bf6 Bxa3 46. bxa3 b4 47. Kg5 b3 48. Kxg6 b2 49. h4 b1Q 50. h5 Kxf4+ 51. Kg7 Kf5 52. h6 Qb7+ 53. Kg8 Kg6 54. Bg7 Qc8+ 55. Bf8 Qd7 56. Bg7 Qe8+ 0-1

[Event "Robecchetto op-B 19th"]
[Site "Robecchetto"]
[Date "2008.12.29"]
[Round "4"]
[White "Porzio, Massimo"]
[Black "Brunetti, Alessandro"]
[Result "1/2-1/2"]
[WhiteElo "1866"]
[BlackElo "1940"]
[PlyCount "99"]
[EventDate "2008.12.27"]
[EventType "swiss"]
[EventRounds "6"]
[EventCountry "ITA"]
[SourceTitle "EXT 2011"]
[Source "ChessBase"]
[SourceDate "2010.11.26"]
[SourceVersion "1"]
[SourceVersionDate "2010.11.26"]
[SourceQuality "1"]

1. Nf3 d5 2. d4 c6 3. e3 Nf6 4. Bd3 Bg4 5. Nbd2 e6 6. 0-0 Bd6 7. c4 Nbd7 8. Re1 Bh5 9. e4 dxe4 10. Nxe4 Nxe4 11. Bxe4 Nf6 12. Bc2 Ng4 13. Qd3 Bg6 14. Qc3 Qc7 15. h3 Nf6 16. Bg5 Be7 17. Rad1 Rd8 18. Ne5 Bxc2 19. Qxc2 Qb6 20. Be3 Qc7 21. Qb3 0-0 22. Bg5 h6 23. Bh4 Qb6 24. Qxb6 axb6 25. Ng4 Rd7 26. Nxf6+ gxf6 27. Re3 Rfd8 28. Red3 Kg7 29. Rg3+ Kh7 30. Rgd3 Kg6 31. Kf1 Kh5 32. Bg3 Bc5 33. Bc7 Rxc7 34. dxc5 Rxd3 35. Rxd3 bxc5 36. Rg3 b5 37. cxb5 cxb5 38. Rb3 Rb7 39. a3 Kg5 40. Rf3 f5 41. Rd3 Kf4 42. Rd8 c4 43. Ke2 Ke4 44. Rc8 Kd5 45. Kd2 b4 46. axb4 Rxb4 47. Kc2 e5 48. Rf8 Rb7 49. Rd8+ Kc5 50. Rc8+ 1/2-1/2